000 00454nam a22001697a 4500
003 MPLRDC
005 20220104155923.0
008 210129b ||||| |||| 00| 0 eng d
020 _a983-40824-0-1
082 _a445.9 DMZR
100 _a大马自然之友编写
245 _a马来西亚环境拉响警报
_c
260 _a马来西亚
_b大马自然之友出版
_c
300 _b
650 _a环境污染及其防治
942 _cBK
_o445.9 DMZR
999 _c54731
_d54721